[Event "AUTO-OPEN-248"]
[Site "http://www.queenalice.com/game.php?id=62163"]
[Date "2006.4.9"]
[Round "1"]
[White "Mayaune"]
[Black "rob38"]
[Result "0-1"]
[WhiteElo "1586"]
[BlackElo "1658"]

1. e4 e5 2. Nf3 Nc6 3. Bc4 Nf6 4. d3 Bc5 5. Bg5 O-O 6. O-O d6 7. c3 Be6 8. b4
Bb6 9. Nbd2 h6 10. Bh4 Nb8 11. a4 a5 12. b5 Nbd7 13. d4 Bxc4 14. Nxc4 g5 15.
Nxg5 Nxe4 16. Nxb6 Nxb6 17. Nxe4 Qxh4 18. Qg4+ Qxg4 19. Nf6+ Kg7 20. Nxg4 f5 21.
Ne3 f4 22. Nc2 e4 23. Rae1 d5 24. Na3 Nxa4 25. Rc1 c6 26. c4 Rac8 27. cxd5 cxd5
28. Rb1 Rc3 0-1

[Event "AUTO-OPEN-248"]
[Site "http://www.queenalice.com/game.php?id=62164"]
[Date "2006.4.9"]
[Round "1"]
[White "rob38"]
[Black "Mayaune"]
[Result "1-0"]
[WhiteElo "1580"]
[BlackElo "1642"]

1. d4 d5 2. c4 dxc4 3. e3 b5 4. a4 c6 5. axb5 cxb5 6. Qf3 Bb7 7. Qxb7 Nd7 8.
Qxb5 Rc8 9. Bxc4 e6 10. Rxa7 Nf6 11. Nf3 h6 12. Ne5 Rb8 13. Qa4 Rb4 14. Qa2 Nb6
15. Bd2 Qe7 16. Rxe7+ 1-0

[Event "Challenge"]
[Site "http://www.queenalice.com/game.php?id=74306"]
[Date "2006.6.4"]
[Round "-"]
[White "allexxxanddre"]
[Black "rob38"]
[Result "0-1"]
[WhiteElo "1373"]
[BlackElo "1657"]

1. d4 d5 2. c4 e6 3. Nc3 Nf6 4. e3 Bb4 5. a3 Bxc3+ 6. bxc3 b6 7. Nf3 Ba6 8. Be2
O-O 9. cxd5 Bxe2 10. Qxe2 exd5 11. O-O Nbd7 12. c4 c5 13. Bb2 Re8 14. dxc5 dxc4
15. Qxc4 Nxc5 16. Rad1 Qe7 17. Ne5 Rac8 18. Nd3 Nce4 19. Qb3 h6 20. Nf4 Nc5 21.
Nd5 Nxb3 22. Nxe7+ Rxe7 0-1

[Event "AUTO-OPEN-248"]
[Site "http://www.queenalice.com/game.php?id=93547"]
[Date "2006.8.7"]
[Round "2"]
[White "rob38"]
[Black "Fernandokant"]
[Result "1-0"]
[WhiteElo "1691"]
[BlackElo "1847"]

1. d4 Nf6 2. Nf3 d5 3. c4 dxc4 4. e3 e6 5. Bxc4 Be7 6. O-O O-O 7. Nc3 c5 8. Qe2
Nc6 9. Rd1 Qc7 10. e4 Nxd4 11. Nxd4 cxd4 12. Rxd4 e5 13. Rd1 Bg4 14. f3 Bh5 15.
Be3 Bc5 16. Nd5 1-0

[Event "AUTO-OPEN-248"]
[Site "http://www.queenalice.com/game.php?id=93548"]
[Date "2006.8.7"]
[Round "2"]
[White "Fernandokant"]
[Black "rob38"]
[Result "0-1"]
[WhiteElo "1847"]
[BlackElo "1663"]

1. e4 c5 2. Nf3 d6 3. Bc4 Nf6 4. Nc3 e6 5. O-O Be7 6. Re1 O-O 7. d4 cxd4 8. Nxd4
Nc6 9. Be3 a6 10. f4 Nxd4 11. Bxd4 b5 12. Bb3 b4 13. Na4 Bb7 14. Qf3 d5 15. e5
Ne4 16. f5 exf5 0-1

[Event "AUTO-OPEN-248"]
[Site "http://www.queenalice.com/game.php?id=126625"]
[Date "2006.11.8"]
[Round "3"]
[White "rubenov"]
[Black "rob38"]
[Result "0-1"]
[WhiteElo "1811"]
[BlackElo "1716"]

1. d4 d5 2. Bg5 Nd7 3. e3 Ngf6 4. Nc3 e6 5. Bb5 c6 6. Bd3 Bd6 7. Nge2 O-O 8. O-O
Qc7 9. f4 c5 10. dxc5 Bxc5 11. Nd4 a6 12. Nce2 b5 13. Qd2 Bb7 14. c3 Rae8 15.
Qe1 e5 16. Bxf6 Nxf6 17. fxe5 Qxe5 18. Rf3 Ng4 19. Qh4 h5 20. Re1 Bc8 21. b4 Bb6
22. Nc6 Bxe3+ 23. Kh1 Qg5 24. Qg3 h4 25. Qc7 h3 0-1

[Event "AUTO-OPEN-248"]
[Site "http://www.queenalice.com/game.php?id=126626"]
[Date "2006.11.8"]
[Round "3"]
[White "rob38"]
[Black "rubenov"]
[Result "1-0"]
[WhiteElo "1738"]
[BlackElo "1830"]

1. d4 d5 2. c4 Nf6 3. Nc3 c6 4. Nf3 h6 5. e3 Bg4 6. Be2 Bxf3 7. Bxf3 dxc4 8. a4
Nd5 9. O-O Nxc3 10. bxc3 e6 11. Rb1 Qc7 12. Qe2 Bd6 13. g3 Nd7 14. Qxc4 O-O 15.
Qb3 Rab8 16. e4 e5 17. Be3 Kh8 18. d5 c5 19. Bg2 f5 20. exf5 Rxf5 21. Bh3 Rf6
22. Qb5 Rf7 23. Be6 Re7 24. Qd3 b6 25. f4 exf4 26. Bxf4 Bxf4 27. Rxf4 Qd6 28.
Qf3 Nf6 29. c4 Qe5 30. Rf1 a6 31. Rf5 Qd4+ 32. Kg2 Qxc4 33. Rxf6 Qc2+ 34. Rf2
1-0

[Event "Challenge"]
[Site "http://www.queenalice.com/game.php?id=132462"]
[Date "2006.11.22"]
[Round "-"]
[White "marcosweck"]
[Black "rob38"]
[Result "0-1"]
[WhiteElo "1741"]
[BlackElo "1758"]

1. d4 d5 2. c4 e6 3. e3 c6 4. b3 Nf6 5. Be2 Bd6 6. c5 Bc7 7. b4 Nbd7 8. Nf3 e5
9. Bb2 exd4 10. Bxd4 O-O 11. O-O Qe7 12. Nc3 a5 13. a3 Re8 14. Re1 Nf8 15. Kh1
Ne4 16. Nxe4 dxe4 17. Nd2 Qh4 18. g3 Qh6 19. Bf1 Re6 20. Bc4 Re8 21. Qc2 Ng6 22.
Nxe4 Nh4 23. Qe2 Rxe4 24. gxh4 Rxh4 25. f4 Bg4 26. Qf2 Bf5 27. Rg1 Be4+ 28. Rg2
Rxh2+ 0-1

[Event "AUTO-OPEN-459"]
[Site "http://www.queenalice.com/game.php?id=133150"]
[Date "2006.11.24"]
[Round "1"]
[White "Martinelli"]
[Black "rob38"]
[Result "0-1"]
[WhiteElo "1490"]
[BlackElo "1782"]

1. e4 c5 2. Nf3 e6 3. d3 g6 4. Nc3 Bg7 5. Ng5 h6 6. Nf3 Nc6 7. Be2 Nge7 8. O-O
O-O 9. Nb5 a6 10. Nd6 Qc7 11. e5 Nxe5 12. Nxe5 Bxe5 13. Bxh6 Bxd6 14. Bxf8 Bxh2+
15. Kh1 Kxf8 16. g3 Bxg3 17. fxg3 Qxg3 18. Rf3 Qh4+ 19. Kg1 b5 20. Rf1 Bb7 21.
Qe1 Qh3 22. Qf2 Qh1# 0-1

[Event "AUTO-OPEN-459"]
[Site "http://www.queenalice.com/game.php?id=133151"]
[Date "2006.11.24"]
[Round "1"]
[White "rob38"]
[Black "Martinelli"]
[Result "1-0"]
[WhiteElo "1791"]
[BlackElo "1494"]

1. d4 e6 2. c4 Bb4+ 3. Bd2 Bxd2+ 4. Qxd2 Nc6 5. Nc3 Nb4 6. a3 Nc6 7. e4 Nf6 8.
Nf3 O-O 9. Bd3 d6 10. O-O Nh5 11. e5 dxe5 12. dxe5 Qe7 13. g4 Ng3 14. hxg3 Rd8
15. Rad1 b6 16. Kg2 Bb7 17. Rh1 g6 18. Qh6 Nd4 19. Qxh7+ Kf8 20. Qh8# 1-0

[Event "AUTO-OPEN-459"]
[Site "http://www.queenalice.com/game.php?id=133180"]
[Date "2006.11.24"]
[Round "1"]
[White "rob38"]
[Black "BlueMeanie"]
[Result "0-1"]
[WhiteElo "1770"]
[BlackElo "1848"]

1. d4 d5 2. c4 e6 3. Nc3 Nf6 4. cxd5 exd5 5. Bg5 c6 6. e3 Nbd7 7. Qc2 h6 8. Bh4
Be7 9. Bd3 g5 10. Bg3 Nh5 11. Nge2 Nxg3 12. hxg3 Nf6 13. e4 dxe4 14. Nxe4 Nd5
15. a3 Qb6 16. Nc5 h5 17. b4 a5 18. bxa5 Qxa5+ 19. Kf1 Nb4 20. Qb2 b6 21. Nb3
Nxd3 22. Qc2 Qb5 23. Rd1 Rxa3 24. Rxd3 Bf5 0-1

[Event "AUTO-OPEN-459"]
[Site "http://www.queenalice.com/game.php?id=133181"]
[Date "2006.11.24"]
[Round "1"]
[White "BlueMeanie"]
[Black "rob38"]
[Result "1-0"]
[WhiteElo "1861"]
[BlackElo "1770"]

1. d4 Nf6 2. c4 e6 3. Nc3 Bb4 4. Qc2 d5 5. a3 Bxc3+ 6. Qxc3 b6 7. Nf3 Bb7 8. Bg5
Nbd7 9. cxd5 exd5 10. Rc1 Rc8 11. g3 O-O 12. Bh3 c5 13. Bxf6 gxf6 14. O-O Re8
15. Qd3 Rc7 16. Bf5 Nf8 17. dxc5 bxc5 18. Rfd1 d4 19. b4 Qe7 20. Rxc5 Rxc5 21.
bxc5 Qxe2 22. Qxe2 Rxe2 23. Nxd4 Re8 24. c6 Bc8 25. c7 Ne6 26. Nb5 1-0

[Event "AUTO-OPEN-459"]
[Site "http://www.queenalice.com/game.php?id=133182"]
[Date "2006.11.24"]
[Round "1"]
[White "rob38"]
[Black "jmbpeixe"]
[Result "1-0"]
[WhiteElo "1766"]
[BlackElo "1750"]

1. d4 Nf6 2. Nf3 d5 3. c4 e6 4. Nc3 Bb4 5. e3 O-O 6. Bd3 c5 7. O-O Nc6 8. Qe2
dxc4 9. Bxc4 cxd4 10. Rd1 e5 11. exd4 Nxd4 12. Nxd4 exd4 13. Bg5 Bg4 14. f3 Qc7
15. Bxf6 dxc3 16. bxc3 Bc5+ 17. Bd4 Rfe8 18. Qf1 Be6 19. Bb5 Red8 20. Rac1 Bd6
21. h3 Bxa2 22. Ra1 Be6 23. Qe2 a6 24. Bd3 Rac8 25. Qe4 g6 26. Kh1 Bf5 27. Qe3
Bxd3 28. Rxd3 Be5 29. Rad1 1-0

[Event "AUTO-OPEN-459"]
[Site "http://www.queenalice.com/game.php?id=133183"]
[Date "2006.11.24"]
[Round "1"]
[White "jmbpeixe"]
[Black "rob38"]
[Result "1-0"]
[WhiteElo "2154"]
[BlackElo "1795"]

1. d4 Nf6 2. c4 e6 3. Bg5 Bb4+ 4. Nc3 c6 5. Qb3 Bxc3+ 6. Qxc3 d5 7. Nf3 Nbd7 8.
e3 O-O 9. Bd3 Qe8 10. O-O-O Ne4 11. Bxe4 dxe4 12. Nd2 f5 13. f3 Qg6 14. h4 b5
15. c5 a5 16. fxe4 b4 17. Qc2 Ba6 18. Bf4 Nf6 19. exf5 exf5 20. Nf3 Ne4 21. Qb3+
Kh8 22. Ne5 Qe8 23. h5 Nf2 24. Ng6+ 1-0

[Event "AUTO-ADV-314"]
[Site "http://www.queenalice.com/game.php?id=133321"]
[Date "2006.11.24"]
[Round "1"]
[White "Harold"]
[Black "rob38"]
[Result "1-0"]
[WhiteElo "1923"]
[BlackElo "1793"]

1. e4 c5 2. d4 cxd4 3. c3 d5 4. exd5 Qxd5 5. cxd4 Nc6 6. Nc3 Qxd4 7. Be3 Qxd1+
8. Rxd1 Bg4 9. f3 Bf5 10. Nb5 Rc8 11. Nxa7 Nxa7 12. Bxa7 e5 13. Bb5+ Ke7 14. Ne2
Kf6 15. O-O Nh6 16. f4 e4 17. Bd4+ Kg6 18. h3 Bc5 19. g4 Nxg4 20. hxg4 Bxg4 21.
Bxc5 Rxc5 22. Rd6+ f6 23. Nd4 Rhc8 24. f5+ Kg5 25. Ne6+ Kh4 26. Nxc5 Rxc5 27.
Ba4 Bh3 28. Rf4+ Kg3 29. Rxe4 Bg4 30. Rd3+ 1-0

[Event "AUTO-ADV-314"]
[Site "http://www.queenalice.com/game.php?id=133322"]
[Date "2006.11.24"]
[Round "1"]
[White "rob38"]
[Black "Harold"]
[Result "0-1"]
[WhiteElo "1786"]
[BlackElo "1986"]

1. d4 d5 2. c4 e6 3. Nc3 c5 4. e3 Nc6 5. Nf3 Nf6 6. Bd3 dxc4 7. Bxc4 Be7 8. O-O
O-O 9. Qe2 cxd4 10. Rd1 Qb6 11. exd4 Rd8 12. Be3 Qa5 13. a3 Qh5 14. Ne5 Qxe2 15.
Nxe2 Bd7 16. Rac1 Bd6 17. f4 Ne7 18. Nc3 Nf5 19. Bf2 Bxe5 20. dxe5 Ng4 21. Ne4
Nxf2 22. Kxf2 Bc6 23. Ng5 Ne7 24. b4 h6 25. Nf3 Bd5 26. Nd4 Bxc4 27. Rxc4 Rac8
28. Rxc8 Rxc8 29. Rd2 a6 30. Rc2 Rd8 31. Ne2 Rd3 32. Rc7 Nd5 33. Rxb7 Rxa3 0-1

[Event "AUTO-ADV-314"]
[Site "http://www.queenalice.com/game.php?id=133333"]
[Date "2006.11.24"]
[Round "1"]
[White "MarcosT"]
[Black "rob38"]
[Result "1-0"]
[WhiteElo "1664"]
[BlackElo "1781"]

1. e4 c5 2. Nc3 e6 3. Bc4 a6 4. a4 Nc6 5. Nf3 Qc7 6. O-O Nf6 7. Re1 Be7 8. d4
cxd4 9. Nxd4 O-O 10. Nxc6 bxc6 11. Bg5 d5 12. Bxf6 Bxf6 13. exd5 cxd5 14. Bb3
Bxc3 15. bxc3 Qxc3 16. Re3 Qc7 17. Rc1 Bb7 18. c4 dxc4 19. Rxc4 Qd8 20. Qxd8
Raxd8 21. Rc7 Bd5 22. Bxd5 Rxd5 23. g3 h6 24. h4 Rb8 25. Kg2 Rb2 26. Rc8+ Kh7
27. Re4 g5 28. hxg5 hxg5 29. Rc7 Kg6 30. Ra7 a5 31. Kf3 Rf5+ 32. Ke3 Rbxf2 33.
g4 R5f4 34. Rxf4 Rxf4 35. Rxa5 1-0

[Event "AUTO-ADV-314"]
[Site "http://www.queenalice.com/game.php?id=133334"]
[Date "2006.11.24"]
[Round "1"]
[White "rob38"]
[Black "MarcosT"]
[Result "1-0"]
[WhiteElo "1758"]
[BlackElo "1662"]

1. d4 d5 2. c4 Nf6 3. Nc3 c6 4. Nf3 g6 5. e3 Bg7 6. Bd3 O-O 7. O-O Bg4 8. h3
Bxf3 9. Qxf3 e6 10. b3 dxc4 11. bxc4 c5 12. Ba3 b6 13. Qxa8 cxd4 14. Bxf8 Kxf8
15. Ne4 Nxe4 16. Qxe4 1-0

[Event "AUTO-ADV-314"]
[Site "http://www.queenalice.com/game.php?id=133339"]
[Date "2006.11.24"]
[Round "1"]
[White "joules"]
[Black "rob38"]
[Result "0-1"]
[WhiteElo "1822"]
[BlackElo "1773"]

1. Nf3 d5 2. g3 Nf6 3. Bg2 e6 4. d3 c6 5. Nbd2 Nbd7 6. O-O Be7 7. e4 O-O 8. e5
Ne8 9. Re1 c5 10. Nf1 b5 11. h4 Rb8 12. N1h2 a5 13. Ng5 g6 14. Ng4 h5 15. Nh2 c4
16. g4 Ng7 17. Bf3 hxg4 18. Nxg4 Nf5 19. Nh6+ Nxh6 0-1

[Event "AUTO-ADV-314"]
[Site "http://www.queenalice.com/game.php?id=133340"]
[Date "2006.11.24"]
[Round "1"]
[White "rob38"]
[Black "joules"]
[Result "1/2-1/2"]
[WhiteElo "1761"]
[BlackElo "1890"]

1. d4 Nf6 2. Nf3 g6 3. Bf4 Bg7 4. h3 d6 5. e3 O-O 6. Be2 Nbd7 7. O-O b6 8. a4 a5
9. c3 Bb7 10. Nbd2 Ne4 11. Qc2 Nxd2 12. Qxd2 Qe8 13. Rfb1 c5 14. Ra2 Be4 15. Bd3
Bxf3 16. gxf3 Rc8 17. b4 cxd4 18. cxd4 Nf6 19. bxa5 bxa5 20. Qxa5 Qc6 21. Be2
Ra8 22. Qb6 Qxb6 23. Rxb6 Nd5 24. Rb7 Nxf4 25. exf4 e6 26. a5 Bxd4 27. a6 Ra7
28. Rxa7 Bxa7 29. Rb2 Rb8 30. Rc2 Bc5 31. Kg2 Kg7 1/2-1/2